书目信息 |
| 题名: |
最优化方法应用分析
|
|
| 作者: | 刘兴高 著 | |
| 分册: | ||
| 出版信息: | 北京 科学出版社 2014 |
|
| 页数: | 316页 | |
| 开本: | 24cm | |
| 丛书名: | ||
| 单 册: | ||
| 中图分类: | O242.23 | |
| 科图分类: | ||
| 主题词: | 最优化算法--应用--研究 , 最优化算法 | |
| 电子资源: | ||
| ISBN: | 978-7-03-038962-6 | |
| 000 | 00956nam0 2200253 450 | |
| 001 | 523 | |
| 005 | 20140910084350.14 | |
| 010 | @a978-7-03-038962-6@dCNY98.00 | |
| 100 | @a20131218d2014 em y0chiy50 ea | |
| 101 | 0 | @achi |
| 102 | @aCN@b110000 | |
| 105 | @ay z 000yy | |
| 106 | @ar | |
| 200 | 1 | @a最优化方法应用分析@AZui You Hua Fang Fa Ying Yong Fen Xi@f刘兴高[等]著@FLiu Xing Gao [ Deng ] Zhu |
| 210 | @a北京@c科学出版社@d2014 | |
| 215 | @a316页@d24cm | |
| 304 | @a著者还有:胡云卿、李国栋、林芯羽、周游 | |
| 330 | @a本书系统讲述如何使用最优化科学来解决实际问题并创造最优化价值。精心选取了石油、化工、机械、冶金、能源、电力电子、航空航天、运输、通信、计算、网络、农业、生物等领域的七十多个应用实例,系统阐述了最优化方法在各行各业的广泛应用。 | |
| 606 | 0 | @a最优化算法@x应用@x研究 |
| 606 | 0 | @a最优化算法 |
| 690 | @aO242.23@v5 | |
| 701 | 0 | @a刘兴高@ALiu Xing Gao@4著 |
| 801 | 0 | @aCN@bTANGWEI@c20140603 |
| 905 | @b0838693-95@dO242.23@e33@f3 | |
| 最优化方法应用分析/刘兴高[等]著.-北京:科学出版社,2014 |
| 316页;24cm |
| ISBN 978-7-03-038962-6:CNY98.00 |
| 本书系统讲述如何使用最优化科学来解决实际问题并创造最优化价值。精心选取了石油、化工、机械、冶金、能源、电力电子、航空航天、运输、通信、计算、网络、农业、生物等领域的七十多个应用实例,系统阐述了最优化方法在各行各业的广泛应用。 |
| ● |
| 相关链接 |
|
|
|
|
正题名:最优化方法应用分析
索取号:O242.23/33
 
预约/预借
| 序号 | 登录号 | 条形码 | 馆藏地/架位号 | 状态 | 备注 |
| 1 | 0838693 | 208386931 | 第二样本阅览室/ [索取号:O242.23/33] | 在馆 | |
| 2 | 0838694 | 208386940 | 密集书库-数信学院/ [索取号:O242.23/33] | 在馆 | |
| 3 | 0838695 | 208386959 | 第三借阅区/ [索取号:O242.23/33] | 在馆 |